[Event "ICS rated blitz match"]
[Site "204.178.125.65"]
[Date "2001.07.29"]
[Round "?"]
[White "monsoon"]
[Black "Hossa"]
[Result "1-0"]
[WhiteElo "2675"]
[BlackElo "2586"]
[PlyCount "79"]
[EventDate "2001.??.??"]

1. d4 d5 2. c4 Bf5 3. cxd5 Nf6 4. Nf3 Qd6 5. Bd2 Nxd5 6. Na3 e6 7. Nc4 Qe7 8.
Qb3 c6 9. e3 g6 10. Rc1 Qd7 11. g4 Be4 12. Nfe5 Qc8 13. f3 Nf6 14. fxe4 Nxe4
15. Bg2 Nxd2 16. Nxd2 Be7 17. O-O O-O 18. Ne4 f6 19. Nc4 b6 20. Kh1 Na6 21.
Ncd6 Qd7 22. Rxc6 Nc7 23. Rxc7 Qxc7 24. Qxe6+ Kg7 25. Nb5 Qd8 26. Nbc3 a5 27.
Nd5 Ra7 28. a4 Qd7 29. Qxb6 f5 30. gxf5 gxf5 31. Nxe7 Qxe7 32. Ng3 f4 33. Nh5+
Kh8 34. d5 Rd8 35. Qd4+ Kg8 36. Rg1 Qxe3 37. Be4+ Kf8 38. Qf6+ Ke8 39. Rg8+ Kd7
40. Qxd8# {Hossa checkmated} 1-0

[Event "ICS rated blitz match"]
[Site "204.178.125.65"]
[Date "2001.07.29"]
[Round "?"]
[White "Hossa"]
[Black "Tinker"]
[Result "1-0"]
[WhiteElo "2574"]
[BlackElo "2436"]
[PlyCount "111"]
[EventDate "2001.??.??"]

1. e4 e5 2. Nf3 Nf6 3. Nxe5 d6 4. Nf3 Nxe4 5. d4 d5 6. Bd3 Be7 7. O-O Nc6 8. c4
Nb4 9. Be2 O-O 10. Nc3 Be6 11. Ne5 f6 12. Nf3 Nxc3 13. bxc3 Nc6 14. cxd5 Bxd5
15. Re1 Qd7 16. Bb2 Qg4 17. Qd3 Kh8 18. h3 Qf4 19. Qb5 Rad8 20. Bc1 Qd6 21. Nd2
a6 22. Qd3 f5 23. Bf3 Qf6 24. Rb1 b5 25. Bxd5 Rxd5 26. Nf3 Qd6 27. Bg5 Bf6 28.
Re2 f4 29. Bxf6 Qxf6 30. Rbe1 Qf7 31. Re4 Rd6 32. Ng5 Qg8 33. Ne6 Rf7 34. Nxc7
Rxc7 35. Re8 Re7 36. Rxg8+ Kxg8 37. Rxe7 Nxe7 38. Qe4 Ng6 39. h4 Rf6 40. Qd5+
Kh8 41. h5 Nf8 42. Kf1 Re6 43. c4 bxc4 44. Qxc4 Rb6 45. d5 Rf6 46. Ke2 h6 47.
Kf3 Kh7 48. Qd3+ Kh8 49. d6 Nd7 50. Qxa6 Kh7 51. Qd3+ Kh8 52. Qd5 Rf8 53. Qe6
Nf6 54. Qe7 Ra8 55. d7 Nxd7 56. Qxd7 {Tinker resigns} 1-0

[Event "ICS rated blitz match"]
[Site "204.178.125.65"]
[Date "2001.07.29"]
[Round "?"]
[White "Mink"]
[Black "Hossa"]
[Result "1-0"]
[WhiteElo "2655"]
[BlackElo "2584"]
[PlyCount "139"]
[EventDate "2001.??.??"]

1. e4 c5 2. Nf3 d6 3. d4 cxd4 4. Nxd4 Nf6 5. Nc3 e6 6. f4 Be7 7. Be3 O-O 8. Be2
d5 9. e5 Ne4 10. Qd3 Bb4 11. Bf3 Bxc3+ 12. bxc3 Nc5 13. Qd2 Nbd7 14. Nb5 Qb6
15. Nd6 f6 16. Bxd5 exd5 17. Qxd5+ Kh8 18. e6 Qb2 19. e7 h6 20. Kd2 Na4 21.
exf8=R+ Nxf8 22. Qb3 Bd7 23. Rhb1 Qxb3 24. axb3 Bc6 25. Bd4 b5 26. bxa4 bxa4
27. g3 Kh7 28. c4 Ne6 29. Kc3 Rd8 30. c5 Nc7 31. Kc4 a6 32. Bb2 Bb5+ 33. Kb4
Bc6 34. Ka5 Ne6 35. Kb6 Bf3 36. Rxa4 Rb8+ 37. Ka5 Nxc5 38. Rc4 Rd8 39. Rxc5
Rxd6 40. c4 Rd2 41. Kxa6 Rxh2 42. Rc7 Kg6 43. Ba3 Ra2 44. Rb3 Bg4 45. c5 Be6
46. Re3 Bd5 47. Kb5 Rc2 48. Kb6 f5 49. Rd3 Be6 50. c6 Kf6 51. Be7+ Kg6 52. Bf8
Rb2+ 53. Ka7 Rb1 54. Rxg7+ Kf6 55. Rb7 Rc1 56. Rd6 Ra1+ 57. Kb8 Rc1 58. Bg7+
Kg6 59. Rxe6+ Kh5 60. Rxh6+ Kg4 61. Rb3 Rh1 62. Rg6+ Kh3 63. g4+ Kg2 64. gxf5+
Kf2 65. Bd4+ Kf1 66. Rgg3 Rh8+ 67. Bxh8 Kf2 68. Bd4+ Kf1 69. Rb2 Ke1 70. Rg1# {
Hossa checkmated} 1-0

[Event "ICS rated blitz match"]
[Site "204.178.125.65"]
[Date "2001.07.29"]
[Round "?"]
[White "Hossa"]
[Black "ownage"]
[Result "1-0"]
[WhiteElo "2573"]
[BlackElo "2132"]
[PlyCount "54"]
[EventDate "2001.??.??"]

1. e4 c6 2. d4 d5 3. Nc3 dxe4 4. Nxe4 Nd7 5. Bc4 Ngf6 6. Ng5 e6 7. Qe2 Nb6 8.
Bd3 h6 9. N5f3 Bd6 10. Nh3 g5 11. Ne5 Nbd7 12. Bd2 Bxe5 13. dxe5 Nd5 14. c4 Ne7
15. Bc3 Nc5 16. Bc2 Qc7 17. Qh5 Nd7 18. Nxg5 Nxe5 19. Nxf7 Nxf7 20. Bxh8 b5 21.
Bg7 Qa5+ 22. Bc3 Qc7 23. cxb5 cxb5 24. Qxb5+ Bd7 25. Qh5 Nd5 26. Bg6 Bb5 27.
Bd2 Nf6 {ownage resigns} 1-0

[Event "ICS rated blitz match"]
[Site "204.178.125.65"]
[Date "2001.07.29"]
[Round "?"]
[White "Hossa"]
[Black "monsoon"]
[Result "1-0"]
[WhiteElo "2575"]
[BlackElo "2684"]
[PlyCount "123"]
[EventDate "2001.??.??"]

1. e4 e5 2. f4 d5 3. exd5 e4 4. Bb5+ c6 5. dxc6 bxc6 6. Bc4 Nf6 7. d3 Bg4 8.
Ne2 exd3 9. Qxd3 Qxd3 10. cxd3 Bxe2 11. Kxe2 Be7 12. Nc3 O-O 13. Ne4 Nbd7 14.
Kf3 Ne8 15. Be3 Nc7 16. Rac1 Rfc8 17. Kf2 Rab8 18. Bb3 Nb5 19. Rhe1 Bh4+ 20. g3
Be7 21. Re2 Nf6 22. Nxf6+ Bxf6 23. g4 Bd4 24. Ba4 Bxe3+ 25. Kxe3 Nc7 26. Rxc6
Re8+ 27. Kf3 Rxe2 28. Kxe2 Rxb2+ 29. Rc2 Rxc2+ 30. Bxc2 Nd5 31. Kf3 Nb4 32. Bb1
Nd5 33. a4 Kf8 34. Ba2 Nc3 35. Bb3 Ke7 36. d4 Kd6 37. Ke3 f6 38. h4 Kc6 39. h5
Kd6 40. a5 Kc6 41. Bc4 Kd6 42. Bg8 Nd5+ 43. Bxd5 Kxd5 44. Kd3 g6 45. f5 gxh5
46. gxh5 h6 47. Kc3 Kd6 48. Kb4 Kd5 49. Kb5 Kxd4 50. Ka6 Kd5 51. Kxa7 Kc6 52.
Ka6 Kc7 53. Kb5 Kd6 54. a6 Ke7 55. Kc6 Kf8 56. a7 Kf7 57. Kd7 Kg7 58. Ke7 Kg8
59. a8=Q+ Kg7 60. Qg2+ Kh8 61. Kxf6 Kh7 62. Qg7# {monsoon checkmated} 1-0

[Event "ICS rated blitz match"]
[Site "204.178.125.65"]
[Date "2001.07.29"]
[Round "?"]
[White "monsoon"]
[Black "Hossa"]
[Result "1-0"]
[WhiteElo "2663"]
[BlackElo "2596"]
[PlyCount "100"]
[EventDate "2001.??.??"]

1. d4 b5 2. e4 Bb7 3. f3 b4 4. Bg5 d5 5. Nd2 Nd7 6. Bd3 f6 7. Be3 e5 8. Ne2 Kf7
9. exd5 exd4 10. Bxd4 Bxd5 11. Ne4 c5 12. Bf2 c4 13. Nf4 cxd3 14. Nxd5 f5 15.
Ng3 Nc5 16. Nxb4 f4 17. Nf5 Qb6 18. O-O Qxb4 19. cxd3 Qxb2 20. Bd4 Qa3 21. Qd2
Ne6 22. Kh1 Rd8 23. Bc3 Qc5 24. g4 fxg3 25. Nxg3 Qg5 26. Qc2 Be7 27. Ne4 Qh5
28. Qa4 Rxd3 29. Qxa7 Nf6 30. a4 Qh3 31. Be5 Nd5 32. Nd6+ Kg8 33. Qa8+ Bd8 34.
Qc6 Nec7 35. Ne4 Rxf3 36. Rg1 Rf7 37. Nd6 Re7 38. Rg3 Qh5 39. Bb2 Qe2 40. Bd4
Qd2 41. Nf5 Re1+ 42. Rg1 Rxa1 43. Bxa1 Qf2 44. Rxg7+ Kf8 45. Qh6 Qf4 46. Rg8+
Kf7 47. Nd6+ Qxd6 48. Rg7+ Ke8 49. Qxd6 Ne7 50. Rxe7+ Bxe7 {Hossa resigns} 1-0

[Event "ICS rated blitz match"]
[Site "204.178.125.65"]
[Date "2001.07.29"]
[Round "?"]
[White "ACE-POINT"]
[Black "Hossa"]
[Result "0-1"]
[WhiteElo "2096"]
[BlackElo "2583"]
[PlyCount "54"]
[EventDate "2001.??.??"]

1. d4 Nf6 2. c4 e6 3. Nc3 Bb4 4. e3 O-O 5. Nge2 d5 6. a3 Be7 7. cxd5 exd5 8. g3
Be6 9. Bg2 c6 10. Nf4 Qd7 11. Nxe6 fxe6 12. O-O Qe8 13. e4 dxe4 14. Nxe4 Nd5
15. Qe2 Na6 16. Bd2 Nac7 17. Rad1 Nb5 18. Bc1 Qf7 19. f4 Bf6 20. Nxf6+ Qxf6 21.
Qe4 Rae8 22. Rfe1 Nd6 23. Qe5 Qd8 24. Bh3 Rf5 25. Bxf5 exf5 26. Qxd6 Rxe1+ 27.
Rxe1 Qxd6 {ACE-POINT resigns} 0-1

[Event "ICS rated blitz match"]
[Site "204.178.125.65"]
[Date "2001.07.29"]
[Round "?"]
[White "Hossa"]
[Black "ChesterX"]
[Result "0-1"]
[WhiteElo "2585"]
[BlackElo "2809"]
[PlyCount "93"]
[EventDate "2001.??.??"]

1. e4 e6 2. d4 d5 3. e5 c5 4. c3 Nc6 5. Nf3 Qb6 6. Bd3 cxd4 7. cxd4 Bd7 8. O-O
Nxd4 9. Nxd4 Qxd4 10. Nc3 Qxe5 11. Re1 Qd6 12. Nb5 Qb8 13. g3 Bd6 14. Qg4 Kf8
15. Bg5 Bxb5 16. Bxb5 h6 17. Be3 Nf6 18. Qf3 e5 19. Rac1 a6 20. Ba4 Kg8 21. Bb6
e4 22. Qf5 Be5 23. Re2 g6 24. Qh3 d4 25. Bb3 Kg7 26. f4 exf3 27. Rf2 d3 28.
Rxf3 Qd6 29. Be3 Bxb2 30. Rd1 Rae8 31. Qf1 Bd4 32. Bxd4 Qxd4+ 33. Kh1 Re2 34.
Rdxd3 Qe4 35. Rd1 Re3 36. Kg2 Rc8 37. Rd2 Rcc3 38. Bd1 Nh7 39. h4 g5 40. Rd7 g4
41. Rdxf7+ Kh8 42. Qf2 gxf3+ 43. Bxf3 Qd3 44. Bxb7 Rxg3+ 45. Kh1 Rh3+ 46. Kg1
Qg6+ 47. Bg2 {Hossa resigns} 0-1

[Event "ICS rated blitz match"]
[Site "204.178.125.65"]
[Date "2001.07.29"]
[Round "?"]
[White "Parmuvolli"]
[Black "Hossa"]
[Result "0-1"]
[WhiteElo "2290"]
[BlackElo "2578"]
[PlyCount "112"]
[EventDate "2001.??.??"]

1. d4 Nf6 2. c4 e6 3. e3 d5 4. cxd5 exd5 5. Nc3 Bd6 6. g3 O-O 7. Bg2 c6 8. Nge2
Bf5 9. O-O Nbd7 10. Nf4 Qc7 11. Bd2 Bxf4 12. gxf4 Rfe8 13. Rc1 Bd3 14. Re1 Qd6
15. a3 Nb6 16. Na4 Nxa4 17. Qxa4 Qd7 18. Qd1 Bf5 19. f3 Bh3 20. Qe2 Nh5 21.
Bxh3 Qxh3 22. Qg2 Qd7 23. Kf2 Re6 24. Rg1 Rg6 25. Qh1 Rh6 26. Qg2 Qf5 27. Rc3
Rg6 28. Qh1 Re8 29. Rxg6 Qxg6 30. Qg2 Qxg2+ 31. Kxg2 Nxf4+ 32. Kf2 Nh5 33. Be1
g6 34. h3 f5 35. h4 Kf7 36. f4 Nf6 37. Rc2 Ng4+ 38. Kf3 Rxe3+ 39. Kg2 Rxe1 40.
Kf3 Rf1+ 41. Ke2 Rxf4 42. Kd3 Rf3+ 43. Kd2 Rh3 44. Kc1 h6 45. Rd2 Rxh4 46. Kc2
g5 47. Re2 Rh2 48. b4 Rxe2+ 49. Kd1 Re4 50. Kd2 Rxd4+ 51. Kc3 Rd1 52. Kc2 Ne3+
53. Kb3 h5 54. Ka4 Rb1 55. Ka5 Nc4+ 56. Ka4 b5# {Parmuvolli checkmated} 0-1

[Event "ICS rated blitz match"]
[Site "204.178.125.65"]
[Date "2001.07.29"]
[Round "?"]
[White "Hossa"]
[Black "Parmuvolli"]
[Result "1-0"]
[WhiteElo "2583"]
[BlackElo "2285"]
[PlyCount "119"]
[EventDate "2001.??.??"]

1. e4 d6 2. d4 g6 3. Nc3 Bg7 4. Nf3 c6 5. Bd3 e6 6. O-O Ne7 7. Be3 b6 8. Qd2 h6
9. Ne2 Nd7 10. c3 Bb7 11. Ng3 d5 12. Bf4 Rc8 13. exd5 cxd5 14. Bd6 Nf6 15. Qf4
g5 16. Qe5 Nh5 17. Qe2 Nxg3 18. Bxg3 O-O 19. Be5 f6 20. Bg3 Rc6 21. Bb5 Rd6 22.
Bxd6 Qxd6 23. Rfe1 Bc8 24. Bd3 a6 25. Bxa6 Bd7 26. Bd3 Bc8 27. Nd2 f5 28. Bb5
Kh8 29. Nf3 Ng6 30. Qe3 Qc7 31. b3 Qb8 32. a3 Qc7 33. Ra2 Qd6 34. a4 Qc7 35.
Rc2 Qd6 36. Qe2 Nf4 37. Qd2 Ng6 38. Rcc1 Nf4 39. Ne5 Bxe5 40. Rxe5 Ng6 41. Re3
Nf4 42. Rce1 Ng6 43. b4 Kg7 44. a5 bxa5 45. bxa5 Qc7 46. Ra1 Qa7 47. a6 Rf7 48.
Be8 Re7 49. Bxg6 Kxg6 50. Qe2 Kf6 51. Re5 Kf7 52. Ra4 Rd7 53. Qh5+ Ke7 54. Qxh6
Kd6 55. Rxe6+ Kc7 56. Rc6+ Kb8 57. Rb4+ Ka8 58. Rxc8+ Qb8 59. Rcxb8+ Ka7 60.
Qb6# {Parmuvolli checkmated} 1-0

[Event "ICS rated blitz match"]
[Site "204.178.125.65"]
[Date "2001.07.29"]
[Round "?"]
[White "Hossa"]
[Black "ownage"]
[Result "1-0"]
[WhiteElo "2588"]
[BlackElo "2119"]
[PlyCount "51"]
[EventDate "2001.??.??"]

1. d4 Nf6 2. c4 e6 3. Nf3 d5 4. Nc3 c5 5. cxd5 Nxd5 6. dxc5 Bxc5 7. e4 Nxc3 8.
Qxd8+ Kxd8 9. bxc3 Ke7 10. Bc4 Nc6 11. O-O a6 12. Rd1 b5 13. Bd3 Bb7 14. a4 b4
15. Rb1 a5 16. Bf4 e5 17. Nxe5 Nxe5 18. Bxe5 f6 19. cxb4 Bxb4 20. Bc3 Bxc3 21.
Rxb7+ Ke6 22. Bc4+ Ke5 23. Rb5+ Kf4 24. g3+ Kxe4 25. Bd5+ Ke5 26. Bxa8+ {
ownage resigns} 1-0

[Event "ICS rated blitz match"]
[Site "204.178.125.65"]
[Date "2001.07.29"]
[Round "?"]
[White "ownage"]
[Black "Hossa"]
[Result "0-1"]
[WhiteElo "2117"]
[BlackElo "2590"]
[PlyCount "33"]
[EventDate "2001.??.??"]

1. e4 e5 2. Nf3 Nc6 3. d4 exd4 4. Nxd4 Nf6 5. Nxc6 bxc6 6. Qd4 c5 7. Qa4 Bd6 8.
Nc3 O-O 9. Be2 Be5 10. Bd2 Bb7 11. Bd3 Qe7 12. O-O Bxc3 13. Bxc3 Nxe4 14. Bxe4
Qxe4 15. Qxe4 Bxe4 16. Rad1 d6 17. f3 {ownage resigns} 0-1

[Event "ICS rated blitz match"]
[Site "204.178.125.65"]
[Date "2001.07.29"]
[Round "?"]
[White "ownage"]
[Black "Hossa"]
[Result "0-1"]
[WhiteElo "2113"]
[BlackElo "2594"]
[PlyCount "78"]
[EventDate "2001.??.??"]

1. e4 c5 2. Nc3 Nc6 3. g3 g6 4. Bg2 Bg7 5. d3 d6 6. f4 Bd7 7. Nf3 Nf6 8. O-O
O-O 9. h3 Qc8 10. g4 h5 11. g5 Ne8 12. Kh2 Qd8 13. Be3 b5 14. Qd2 Nc7 15. Rab1
Rc8 16. Ne2 Be6 17. b3 Bd7 18. Ng3 e6 19. c3 b4 20. cxb4 Nxb4 21. d4 cxd4 22.
Bxd4 Bxd4 23. Nxd4 Nc6 24. Nxc6 Bxc6 25. f5 h4 26. Ne2 gxf5 27. Nd4 Bxe4 28.
Bxe4 fxe4 29. Rf6 Nd5 30. Rh6 Rc3 31. g6 e3 32. gxf7+ Kg7 33. Nxe6+ Kxh6 34.
Qxd5 Rc2+ 35. Kg1 Qf6 36. Rf1 Qg6+ 37. Kh1 e2 38. Rg1 Qxg1+ 39. Kxg1 e1=Q# {
ownage checkmated} 0-1

[Event "ICS rated blitz match"]
[Site "204.178.125.65"]
[Date "2001.07.29"]
[Round "?"]
[White "Hossa"]
[Black "ownage"]
[Result "1-0"]
[WhiteElo "2596"]
[BlackElo "2111"]
[PlyCount "35"]
[EventDate "2001.??.??"]

1. e4 c6 2. d4 d5 3. Nd2 dxe4 4. Nxe4 Nd7 5. Nf3 Ngf6 6. Ng3 e6 7. Bd3 Bd6 8.
O-O Qc7 9. c3 b6 10. Be3 Bb7 11. Qe2 h5 12. Bg5 c5 13. Nf5 Bxf3 14. Nxd6+ Qxd6
15. Qxf3 O-O 16. Bb5 g6 17. Bxf6 Nxf6 18. Qxf6 {ownage resigns} 1-0

[Event "ICS rated blitz match"]
[Site "204.178.125.65"]
[Date "2001.07.29"]
[Round "?"]
[White "jordiquiII"]
[Black "Hossa"]
[Result "1-0"]
[WhiteElo "2670"]
[BlackElo "2598"]
[PlyCount "120"]
[EventDate "2001.??.??"]

1. d4 Nf6 2. c4 e6 3. Nc3 Bb4 4. e3 O-O 5. Bd3 d5 6. cxd5 exd5 7. Nge2 Re8 8.
O-O Nc6 9. f3 Rb8 10. Bd2 Be7 11. a3 Bf8 12. Rc1 Ra8 13. Kh1 g6 14. Bb1 Bg7 15.
Ba2 a6 16. Qb3 Ne7 17. e4 c6 18. Bg5 Ra7 19. Na4 h6 20. Be3 Be6 21. Nf4 Bd7 22.
Nd3 Nf5 23. Bf2 Ne7 24. Rfe1 Be6 25. Ndc5 Bc8 26. Qb6 Qxb6 27. Nxb6 Be6 28. b4
Kh7 29. Bh4 Rd8 30. Bb3 Rh8 31. Nxe6 fxe6 32. Na4 Re8 33. Nc5 Neg8 34. Bf2 Bf8
35. a4 Bxc5 36. bxc5 Ne7 37. Rb1 Kg7 38. a5 g5 39. e5 Nd7 40. Bc2 Rb8 41. h4
gxh4 42. Bxh4 Ng6 43. Bf2 Kf7 44. g3 Kg7 45. Kg2 Ne7 46. Rh1 Rh8 47. Rh5 Nf8
48. Be3 Kf7 49. g4 Kg7 50. Kf2 Nfg6 51. f4 Nf8 52. f5 exf5 53. gxf5 Ng8 54. e6
Kf6 55. Bf4 Ke7 56. Bd6+ Ke8 57. Be5 Rh7 58. Rg1 Ne7 59. f6 Nxe6 60. Bxh7 Nc8 {
Hossa resigns} 1-0

[Event "ICS Rated blitz match"]
[Site "204.178.125.65"]
[Date "2001.07.29"]
[Round "?"]
[White "Hossa"]
[Black "NewHal9000"]
[Result "1/2-1/2"]
[WhiteElo "2585"]
[BlackElo "2795"]
[PlyCount "287"]
[EventDate "2001.??.??"]

1. d4 Nf6 2. c4 e6 3. Nc3 Bb4 4. Qc2 O-O 5. e4 d5 6. e5 Ne4 7. Bd3 c5 8. cxd5
exd5 9. Nge2 cxd4 10. Nxd4 Nd7 11. f4 Qh4+ 12. g3 Qh3 13. Bf1 Qh5 14. Bg2 Qg6
15. a3 Bxc3+ 16. bxc3 Nb6 17. O-O Bg4 18. f5 Qh5 19. Bxe4 dxe4 20. Qxe4 Na4 21.
Qxb7 Nxc3 22. Be3 Rab8 23. Qc6 Rbc8 24. Qg2 Rfd8 25. Kh1 Nd5 26. Qd2 Rc3 27.
Bg5 Rdc8 28. Kg1 h6 29. Bh4 Ne3 30. Rf4 Nxf5 31. Nxf5 Bxf5 32. Qd1 Qxd1+ 33.
Rxd1 Rc1 34. Rxc1 Rxc1+ 35. Kg2 Rc2+ 36. Kg1 Bh3 37. Be7 Rg2+ 38. Kh1 Re2 39.
Kg1 Rxe5 40. Bb4 Re2 41. Rf2 Re3 42. Rf4 Rb3 43. Bc5 Rc3 44. Bxa7 Rxa3 45. Bd4
Rd3 46. Rh4 Rd1+ 47. Kf2 Rd2+ 48. Kf3 Rxh2 49. Bg1 Rh1 50. Kf2 Kh7 51. Rf4 Kg6
52. Rd4 Kg5 53. Rh4 g6 54. Rb4 f5 55. Rh4 h5 56. Rf4 Kh6 57. Rh4 g5 58. Ra4 Bg4
59. Ra6+ Kh7 60. Ra7+ Kg6 61. Ra6+ Kf7 62. Ra7+ Ke6 63. Kg2 Rh3 64. Bf2 f4 65.
Ra6+ Ke5 66. Ra5+ Kf6 67. Ra6+ Kf5 68. Ra5+ Kg6 69. Ra6+ Kh7 70. Ra7+ Kh6 71.
Ra6+ Kg7 72. Ra7+ Kg8 73. Ra5 f3+ 74. Kg1 Kf7 75. Rxg5 Ke6 76. Rb5 Kd6 77. Rb6+
Kd5 78. Rb5+ Kc4 79. Rc5+ Kd3 80. Rd5+ Ke4 81. Rd4+ Ke5 82. Rd3 Ke6 83. Rd4 Kf6
84. Rd6+ Ke7 85. Rd3 Ke8 86. Rb3 Kf7 87. Rd3 Kg6 88. Rd8 Kh6 89. Rd6+ Kg5 90.
Be3+ Kf5 91. Bf2 h4 92. gxh4 Ke5 93. Rd8 Be6 94. Re8 Kf5 95. Re7 Bd5 96. Rg7
Kf4 97. Rd7 Be6 98. Rd4+ Ke5 99. Ra4 Bd7 100. Ra5+ Kf4 101. Ra7 Be8 102. Rg7
Ba4 103. Rf7+ Ke5 104. Rc7 Bb3 105. Rc5+ Kf4 106. Rc8 Be6 107. Rc6 Bf5 108. Rf6
Ke4 109. Ra6 Ke5 110. Ra8 Bg6 111. Rd8 Kf4 112. Rd6 Bc2 113. Rf6+ Kg4 114. Rf8
Bb3 115. Rb8 Bd5 116. Rd8 Be6 117. Rd6 Kf5 118. Rc6 Bf7 119. Rc8 Ke4 120. Rc7
Be6 121. Re7 Kf5 122. Re8 Ke5 123. Be1 Kd6 124. Rb8 Bd5 125. Bf2 Ke5 126. Rc8
Bf7 127. Rc5+ Kf4 128. Rc7 Bg6 129. Rd7 Bf5 130. Rd4+ Ke5 131. Rd1 Be6 132.
Re1+ Kf5 133. Rb1 Bd7 134. Rb8 Kg4 135. Rb7 Bc6 136. Rb4+ Kf5 137. Rd4 Ke6 138.
Rd8 Bd7 139. Rh8 Ke5 140. Rg8 Ke4 141. Rb8 Bg4 142. Rf8 Bh5 143. Rf6 Bg4 144.
Rf7 {Game drawn by the 50 move rule} 1/2-1/2

[Event "ICS rated blitz match"]
[Site "204.178.125.65"]
[Date "2001.07.29"]
[Round "?"]
[White "KingKings"]
[Black "Hossa"]
[Result "0-1"]
[WhiteElo "2388"]
[BlackElo "2594"]
[PlyCount "39"]
[EventDate "2001.??.??"]

1. e4 e6 2. Qe2 Nc6 3. Nf3 Be7 4. Nc3 d5 5. exd5 exd5 6. d4 Nf6 7. Bf4 O-O 8.
O-O-O Re8 9. Qd2 Bb4 10. Bd3 Ne4 11. Bxe4 Rxe4 12. Be3 Bf5 13. Qd3 Qd7 14. Na4
Rxd4 15. Qe2 Rxd1+ 16. Rxd1 b6 17. a3 Ne7 18. Nxb6 axb6 19. axb4 Qa4 20. Bg5 {
KingKings resigns} 0-1

[Event "ICS rated bullet match"]
[Site "204.178.125.65"]
[Date "2001.07.29"]
[Round "?"]
[White "Hossa"]
[Black "KingKings"]
[Result "1-0"]
[WhiteElo "2598"]
[BlackElo "2307"]
[PlyCount "87"]
[EventDate "2001.??.??"]

1. d4 Nf6 2. Bg5 e6 3. e4 h6 4. Bxf6 Qxf6 5. Nc3 d6 6. Qd2 a6 7. O-O-O Be7 8.
f4 O-O 9. g4 Nc6 10. Be2 Qh4 11. Rf1 Bf6 12. e5 dxe5 13. dxe5 Nxe5 14. fxe5 Bg5
15. Rf4 Rd8 16. Bd3 Bxf4 17. Qxf4 Qe1+ 18. Nd1 Rd5 19. g5 hxg5 20. Qxg5 Bd7 21.
Qg3 Qxe5 22. Qxe5 Rxe5 23. Ne2 Bc6 24. Rf1 Rh5 25. Rf2 Ra5 26. Ndc3 Rd8 27. Nf4
Re8 28. Kd2 e5 29. Ng2 e4 30. Bc4 Re7 31. Ke3 Rc5 32. Bb3 Kf8 33. Nf4 Rf5 34.
h4 Ree5 35. Rd2 g5 36. hxg5 Rxg5 37. Nfd5 Re6 38. Nxc7 Re7 39. Rd8+ Kg7 40.
N7d5 Bxd5 41. Nxd5 Ree5 42. Rd7 b6 43. Nf4 Kh8 44. Bxf7 {KingKings resigns} 1-0

[Event "ICS rated blitz match"]
[Site "204.178.125.65"]
[Date "2001.07.29"]
[Round "?"]
[White "koljap"]
[Black "Hossa"]
[Result "0-1"]
[WhiteElo "2323"]
[BlackElo "2601"]
[PlyCount "112"]
[EventDate "2001.??.??"]

1. e4 e6 2. d4 d5 3. e5 c5 4. Nf3 Nd7 5. Bd3 cxd4 6. O-O Qc7 7. Re1 Bc5 8. Qe2
Ne7 9. a3 Ng6 10. b4 Be7 11. g3 a5 12. bxa5 Qxa5 13. Bb2 Bc5 14. Nbd2 Qc7 15.
Nb3 Be7 16. Nfxd4 Qxe5 17. Bxg6 Qxe2 18. Bxf7+ Kxf7 19. Rxe2 Bf6 20. Rae1 Nb6
21. Nd2 Ra4 22. c3 e5 23. N4b3 Rf8 24. Nc5 Ra7 25. f3 Bf5 26. g4 Bg6 27. Re3
Bg5 28. R3e2 Rc8 29. Ncb3 Bf4 30. Rc1 Bd3 31. Rg2 Kg8 32. g5 Nc4 33. Nxc4 Bxc1
34. Nxc1 Bxc4 35. Kf2 Kf7 36. Ke3 Kg6 37. Nd3 Bxd3 38. Kxd3 Kf5 39. Rg3 Ra4 40.
Rh3 Kxg5 41. Rxh7 Kf6 42. Rh3 b5 43. Rh5 Rf4 44. Rh3 g6 45. Ke3 Ra4 46. Kd3
Rac4 47. Rh6 e4+ 48. fxe4 dxe4+ 49. Ke2 R8c5 50. Rh8 Rh5 51. Rxh5 gxh5 52. Bc1
Kf5 53. Bd2 Kg4 54. Kf2 Kh3 55. Kg1 h4 56. Kh1 e3 {koljap resigns} 0-1

[Event "ICS rated blitz match"]
[Site "204.178.125.65"]
[Date "2001.07.29"]
[Round "?"]
[White "Hossa"]
[Black "koljap"]
[Result "1-0"]
[WhiteElo "2606"]
[BlackElo "2318"]
[PlyCount "187"]
[EventDate "2001.??.??"]

1. d4 Nf6 2. Bg5 Ne4 3. Bc1 c5 4. f3 Nf6 5. dxc5 Qa5+ 6. c3 Qxc5 7. e4 d5 8. e5
Nfd7 9. f4 e6 10. Bd3 Be7 11. Nf3 O-O 12. Nd4 Nc6 13. Be3 Qb6 14. Qc2 Bc5 15.
Qb3 Qxb3 16. axb3 f6 17. Bb5 Rf7 18. Bxc6 bxc6 19. Ke2 fxe5 20. fxe5 Nxe5 21.
Nxc6 Nxc6 22. Bxc5 a5 23. Ke3 e5 24. Nd2 Bf5 25. Nf3 Rb8 26. Ra3 Rfb7 27. Bd6
d4+ 28. Kf2 Rxb3 29. Nxe5 Nxe5 30. Bxe5 Rxa3 31. bxa3 Rb2+ 32. Kf3 d3 33. g4
Be6 34. Rd1 Re2 35. Bc7 Bc4 36. Bxa5 Rxh2 37. Bc7 Rc2 38. Be5 Re2 39. Bf4 h6
40. Be3 Ra2 41. Bc5 Rc2 42. Bb4 Re2 43. a4 Bd5+ 44. Kg3 Re3+ 45. Kf2 Rf3+ 46.
Kg2 Kf7 47. a5 Re3+ 48. Kf2 Re2+ 49. Kg3 Bc4 50. Kf3 Kf6 51. Bc5 Ra2 52. Bb6
Re2 53. Bc5 Ra2 54. Bb6 Bb5 55. Ke4 Ra4+ 56. Kf3 Kg5 57. Bd8+ Kg6 58. Rb1 Bd7
59. Ke3 Rxg4 60. Rb6+ Kh7 61. Kxd3 Bf5+ 62. Ke3 Rg3+ 63. Kf4 Rxc3 64. Kxf5 Rc5+
65. Ke4 Rxa5 66. Rb7 Ra2 67. Bb6 h5 68. Re7 Kh6 69. Bd4 Kh7 70. Be5 Kh6 71. Re8
Kg5 72. Rf8 Kg4 73. Rf4+ Kg3 74. Rf3+ Kg2 75. Rg3+ Kf1 76. Bd4 Rg2 77. Rf3+ Ke1
78. Ra3 h4 79. Be3 Rg4+ 80. Kd3 Kf1 81. Ra2 Rg3 82. Rf2+ Ke1 83. Rh2 Rf3 84.
Rc2 Kf1 85. Ke4 Rg3 86. Rf2+ Ke1 87. Rb2 Rg4+ 88. Kd3 Kf1 89. Rf2+ Ke1 90. Rf3
Rg2 91. Rh3 Rf2 92. Bxf2+ Kxf2 93. Rxh4 Kf3 94. Rh7 {koljap resigns} 1-0

[Event "ICS rated blitz match"]
[Site "204.178.125.65"]
[Date "2001.07.29"]
[Round "?"]
[White "Hossa"]
[Black "Dinosaurio"]
[Result "1-0"]
[WhiteElo "2611"]
[BlackElo "2246"]
[PlyCount "79"]
[EventDate "2001.??.??"]

1. e4 e5 2. f4 Bc5 3. Qh5 d6 4. fxe5 g6 5. Qe2 dxe5 6. Nf3 Nc6 7. Nc3 Be6 8.
Qb5 Bb6 9. Nxe5 a6 10. Qa4 Bd7 11. Nxd7 Qxd7 12. Nd5 Nd4 13. Qxd7+ Kxd7 14. Kd1
Rd8 15. c3 Ne6 16. d4 Ba7 17. g3 c6 18. Ne3 Nf6 19. Bd3 Ke7 20. Kc2 Rhe8 21.
Rf1 Rd7 22. Bd2 Red8 23. e5 Nd5 24. Nxd5+ cxd5 25. Be2 b5 26. Bg4 Rc7 27. Bxe6
Kxe6 28. Rf6+ Ke7 29. Rxa6 b4 30. Bg5+ Kd7 31. Rd6+ Kc8 32. Rxd8+ Kb7 33. Rxd5
bxc3 34. bxc3 h5 35. Rb1+ Ka6 36. Rd6+ Ka5 37. Bd8 Bb6 38. Rbxb6 Ra7 39. Rb4+
Rc7 40. Bxc7# {Dinosaurio checkmated} 1-0